000 00369nam a2200169Ia 4500
003 0STCL
008 150530s9999 xx 000 0 und d
040 _aSTCL
_cSTCL
100 _aBelloc
245 _aConversation with a cat and others
250 _aFirst
260 _c1931
546 _aEnglish
942 _2ddc
_cBK
999 _c60936
_d60936
005 20220125171143.0